Obras completas / (Record no. 43078)
[ view plain ]
| 000 -LEADER | |
|---|---|
| campo de control de longitud fija | 00713nam a2200205 i 4500 |
| 001 - NÚMERO DE CONTROL | |
| campo de control | 43078 |
| 003 - IDENTIFICADOR DE NÚMERO DE CONTROL | |
| campo de control | ES-MaACL |
| 005 - FECHA Y HORA DE LA ÚLTIMA TRANSACCIÓN | |
| campo de control | 20231227153119.0 |
| 007 - CAMPO FIJO DE DESCRIPCIÓN FÍSICA--INFORMACIÓN GENERAL | |
| campo de control de longitud fija | t| |
| 008 - DATOS DE LONGITUD FIJA--INFORMACIÓN GENERAL | |
| campo de control de longitud fija | 030314s1983 sp ||||1| spa d |
| 100 1# - ENTRADA PRINCIPAL--NOMBRE DE PERSONA | |
| Nombre de persona | Castro, Rosalía de, |
| Fechas asociadas al nombre | 1837-1885 |
| 9 (RLIN) | 147676 |
| 245 10 - MENCIÓN DEL TÍTULO | |
| Título | Obras completas / |
| Mención de responsabilidad, etc. | Rosalía de Castro ; estudio, cronoloxía e bibliografía por Jesús Alonso Montero. |
| 260 ## - PUBLICACIÓN, DISTRIBUCIÓN, ETC. | |
| Lugar de publicación, distribución, etc. | [Santiago de Compostela] ; |
| -- | [Pinto : |
| Nombre del editor, distribuidor, etc. | Mateu Cromo, |
| Fecha de publicación, distribución, etc. | 1983] |
| 300 ## - DESCRIPCIÓN FÍSICA | |
| Extensión | 3 v. ; |
| Dimensiones | 20 cm. |
| 490 1# - MENCIÓN DE SERIE | |
| Mención de serie | Biblioteca de autores gallegos |
| 700 1# - ENTRADA AGREGADA--NOMBRE PERSONAL | |
| Nombre de persona | Alonso Montero, Xesús. |
| 9 (RLIN) | 20364 |
| 830 0# - PUNTO DE ACCESO ADICIONAL DE SERIE-TÍTULO UNIFORME | |
| Título uniforme | Biblioteca de autores gallegos |
| 9 (RLIN) | 181013 |
| 852 ## - LOCALIZACIÓN | |
| Ubicación | ES-MaACL |
| Número de control de estantería | L-6425-7 |
| Sublocalización o colección | R.107282 |
| Estatus retirado | Estado de pérdida | Estado de daño | No para préstamo | Biblioteca de origen | Biblioteca actual | Ubicación en estantería | Fecha de adquisición | Fuente de adquisición | Total de préstamos | Signatura topográfica completa | Código de barras | Visto por última vez | Precio de reemplazo | Tipo de ítem Koha |
|---|---|---|---|---|---|---|---|---|---|---|---|---|---|---|
| Biblioteca del Ateneo de Madrid | Biblioteca del Ateneo de Madrid | Depósito 2 | 17/01/2008 | L-6425-7 | 1045342 | 23/02/2023 | 23/02/2023 | Libro impreso |
